normal type pokémon - Statistics

General Stats
  • This quiz has been taken 7 times
  • The average score is 77 of 133
Answer Stats
Answer % Correct
eevee
100%
fearow
100%
jigglypuff
100%
pidgeot
100%
pidgeotto
100%
pidgey
100%
porygon
100%
porygon2
100%
porygon-z
100%
raticate
100%
rattata
100%
snorlax
100%
spearow
100%
wigglytuff
100%
ditto
75%
dodrio
75%
doduo
75%
farfetch'd
75%
furret
75%
girafarig
75%
hoothoot
75%
igglybuff
75%
kangaskhan
75%
meowth
75%
munchlax
75%
noctowl
75%
persian
75%
sentret
75%
tauros
75%
aipom
50%
ambipom
50%
arboliva
50%
arceus
50%
audino
50%
azurill
50%
bewear
50%
bibarel
50%
bidoof
50%
blissey
50%
bouffalant
50%
braviary
50%
buneary
50%
bunnelby
50%
castform
50%
chansey
50%
chatot
50%
cinccino
50%
cyclizar
50%
deerling
50%
delcatty
50%
diggersby
50%
dolliv
50%
drampa
50%
dubwool
50%
dudunsparce
50%
dunsparce
50%
exploud
50%
farigiraf
50%
fletchling
50%
furfrou
50%
glameow
50%
grafaiai
50%
greedent
50%
gumshoos
50%
happiny
50%
heliolisk
50%
helioptile
50%
herdier
50%
indeedee
50%
kecleon
50%
komala
50%
lechonk
50%
lickilicky
50%
lickitung
50%
lillipup
50%
linoone
50%
litleo
50%
lopunny
50%
loudred
50%
maushold
50%
meloetta
50%
miltank
50%
minccino
50%
obstagoon
50%
oinkologne
50%
oranguru
50%
patrat
50%
pidove
50%
pikipek
50%
purugly
50%
pyroar
50%
regigigas
50%
rufflet
50%
sawsbuck
50%
shroodle
50%
silvally
50%
skitty
50%
skwovet
50%
slaking
50%
slakoth
50%
smeargle
50%
smoliv
50%
spinda
50%
squawkabilly
50%
stantler
50%
staraptor
50%
staravia
50%
starly
50%
stoutland
50%
stufful
50%
swablu
50%
swellow
50%
taillow
50%
tandemaus
50%
teddiursa
50%
terapagos
50%
toucannon
50%
tranquill
50%
trumbeak
50%
type:null
50%
unfezant
50%
ursaluna
50%
ursaring
50%
vigoroth
50%
watchog
50%
whismur
50%
wooloo
50%
wyrdeer
50%
yungoos
50%
zangoose
50%
zigzagoon
50%
zoroark
50%
zorua
50%
No matching quizzes found
Score Distribution
Percent of People with Each Score
Percentile by Number Answered
Your Score History
You have not taken this quiz